|
|
|
|
| LEADER |
01001nab#a2200361#ar4500 |
| 001 |
000115821 |
| 003 |
SVKKK |
| 005 |
20150707141352.0 |
| 008 |
150707c2014 xo |||||||||||||||b|slo |
| FMT |
|
|
|
| 015 |
|
|
|a SNBRB2015/07
|
| 038 |
|
|
|a SVKKK
|
| 040 |
|
|
|a SVKKK
|b slo
|e AACR2
|
| 041 |
0 |
|
|a slo
|
| 044 |
|
|
|a xo
|c SK
|
| 080 |
|
|
|a 628.477.6
|2 2008
|
| 100 |
1 |
|
|a Líška, Ján
|4 aut
|
| 245 |
1 |
0 |
|a Výsledky činnosti Recyklačného fondu
|c Ján Líška
|
| 610 |
2 |
4 |
|a Recyklačný fond (Bratislava, Slovensko)
|
| 650 |
0 |
4 |
|a odpadové hospodárstvo
|
| 650 |
0 |
4 |
|a recyklácia
|
| 650 |
0 |
4 |
|a výsledky činnosti
|
| 651 |
|
4 |
|a Bratislava (Slovensko)
|
| 773 |
0 |
|
|t 21. storočie : magazín pre priemyselnú ekológiu
|g Roč. 17, č. 3 (2014)
|x 1335-874X
|
| 773 |
0 |
|
|i Príl.:
|t Recyklačný priemysel
|g Č. 3 (2014), s. 48-49
|
| 958 |
|
|
|a SK
|
| 974 |
|
|
|a Va
|
| 992 |
|
|
|a RBX
|
| BAS |
|
|
|
| 852 |
|
|
|a SVKKK
|b BIB
|
| 856 |
4 |
1 |
|a http://www.21storocie.sk/data/3_2014-web.pdf
|
| EXP |
|
|
|
| 998 |
|
|
|a GEO
|